000 00652nam a2200217Ia 4500
005 20260415173411.0
008 008 250505s9999 xx 000 0 eng d
020 _a978-1-032-72171-2
037 _aTextBook
040 _aFEDL
_beng
_cFEDL
041 _aeng
_2eng
084 _a378 MAH/R
_qFEDL
100 _aMaharatna Arup
_9263271
245 0 _aHigher education and intellectual retrogression: The neoliberal reign
260 _aLondon, UK
_bRoutledge
_c2023
300 _axx, 199p.
365 _aINR
_b13.25
546 _aFirst South Asia edition, 2024
942 _cTB
_h378 MAH/R
999 _c1400034
_d1400034